| 000 | 01037nam a2200277 a 4500 | ||
|---|---|---|---|
| 001 | BRCA_3924 | ||
| 005 | 20190320204458.0 | ||
| 008 | 100110s1927----fr-a######---#000-0#fre-# | ||
| 041 | _afre | ||
| 044 | _afr | ||
| 050 | 4 |
_aF1233.M3 _b.C67 1927 |
|
| 100 | 1 |
_aCorti, Egon Caesar, comte. _910209 |
|
| 245 | 1 | 0 |
_aMaximilien et Charlotte du Mexique _bd´ apres les archives secretes de l´ empereur Maximilien et autres sources inedites _cEgon Caesar Corti ; traduit par J. Vernay. |
| 260 |
_aParís _bPlen _c1927 |
||
| 300 |
_a2 v. _bil., mapas, retratos _c23 cm. |
||
| 500 | _aEl vol. 1 es 4a. ed. y el vol. 2 es 5a. ed. | ||
| 500 | _aIncluye índice de nombres propios y apéndice : p. 373-475. | ||
| 500 | _aC74 | ||
| 504 | _aBibliografía : p. 387-399. | ||
| 600 | 1 | 4 |
_aCarlota. emperatriz consorte de Maximiliano _qEmperador de México _y1840-1927 _910210 |
| 600 | 1 | 4 |
_aMaximiliano. _cEmperador de México _y1832-1867 _910211 |
| 651 | 4 |
_aMéxico _vHistoria _99143 |
|
| 700 | 1 |
_aVernay, J. _910212 |
|
| 902 | _aGFM | ||
| 942 |
_2lcc _cB |
||
| 999 |
_c3651 _d3651 |
||